Επίκαιρα θέματα ιστορίας εκπαίδευσης

Αποθηκεύτηκε σε:
Λεπτομέρειες βιβλιογραφικής εγγραφής
Κύριος συγγραφέας: Κιμουρτζής, Παναγιώτης Γ.
Άλλοι συγγραφείς: Μπουζάκης, Σήφης (Επιμελητής έκδοσης)
Μορφή: Βιβλίο
Γλώσσα:Greek
Δημοσίευση: Αθήνα : Gutenberg, 2002
Θέματα:
Ετικέτες: Προσθήκη ετικέτας
Δεν υπάρχουν, Καταχωρήστε ετικέτα πρώτοι!

MARC

LEADER 00000cam a2200000 i 4500
001 1/45251
008 070530s2002 gre d
035 |l 10088071 
040 |a GR-MY-UA  |b gre  |e aacr 
041 0 |a gre 
082 0 |a 370.9495  |2 (22) 
100 1 |a Κιμουρτζής, Παναγιώτης Γ. 
245 1 0 |a Επίκαιρα θέματα ιστορίας εκπαίδευσης  |h [ανάτυπο] /  |c Παναγιώτης Κιμουρτζής ; Σήφης Μπουζάκης επιμέλεια 
260 |a Αθήνα :   |b Gutenberg,   |c 2002 
300 |a 10 σ.;  |c 24 εκ. 
500 |a ανάτυπο απο: τεκμήρια- μελέτες ιστορίας νεοελληνικής εκπαίδευσης 15, πρακτικά 1ου επιστημονικού συνεδρίου ιστορίας εκπαίδευσης, Πάτρα, 28-30 Σεπτεμβρίου 2000 
650 0 0 |a Education  |z Greece  |x History. 
700 1 |a Μπουζάκης, Σήφης.  |4 edt 
852 |a INST  |b RHODES  |e 20070530  |h 370.9495 ΚΙM  |p 005400026574  |q 005400026574  |t BK  |y 0 
901 |a BIBL4-2007-2 
909 |a Ρ  |b 127947 
970 |a ΜΙΣΣΟΣ  |b ΣΤΑΥΡΟΣ  |z 2007/05/30